| 000 | 00611nam a22001937a 4500 | ||
|---|---|---|---|
| 999 |
_c11638 _d11638 |
||
| 003 | OSt | ||
| 005 | 20200229093148.0 | ||
| 008 | 181214b ||||| |||| 00| 0 eng d | ||
| 022 | _a00116009 | ||
| 040 | _c0 | ||
| 082 | _aDPer 792.805 D19 Mar-Aug 2016 v. 90, n. 3-8 | ||
| 100 |
_aEscoyne, Courtney. _933240 |
||
| 245 |
_aRehearsal fuel: _bthree pros share their snacking strategies/ _cCourtney Escoyne. |
||
| 260 |
_aNew York: _bDance Media, _c©Mar-Aug 2016. |
||
| 300 |
_av90 n8, page 42. _bcolored illustrations: _c25 cm. |
||
| 500 | _aDance magazine. | ||
| 650 |
_aFood _933292 _xSnacks. |
||
| 942 |
_2ddc _cPER |
||